000 00833nam a2200253Ia 4500
003 OSt
005 20221005112310.0
006 a|||||r|||| 00| 0
007 ta
008 221004b |||||||| |||| 00| 0 pan d
020 _a9788178563558 (hbk)
_c250
024 _a5733
037 _b715, 26/06/2013, H.K. Prakashan
_cTextual
040 _aCRL
_cCRL
_bpan
041 _2pan
_apan
082 _aT4:5,1, 153Q2
100 _aਨਰੂਲਾ, ਸੋਨੀਕਾ
245 0 _aਸੰਵੇਦਨਾ
260 _aਅੰਮ੍ਰਿਤਸਰ
_bਵਾਰਿਸ Fਾਹ ਭਾਰਤ
_c2012
300 _a224ਪੰ
_ccm.
650 _aਟੇਜ਼ੂਥੇFਨ
_9624310
942 _hT4:5,1, 153Q2
_cTEXL
_2cc
999 _c1024472
_d1024472